[Event "Hastings Masters"]
[Site "Hastings, England"]
[Date "2015.01.03"
[Round "6.10"]
[White "Jackson, James P"]
[WhiteElo "2356"]
[Black "Vakhidov, Jahongir"]
[BlackElo "2502"]
[Result "0-1"]

1. e4 {[%clk 1:40:27]} d5 {[%clk 1:40:36]} 2. exd5 {[%clk 1:40:53]} Qxd5
{[%clk 1:40:46]} 3. Nc3 {[%clk 1:41:18]} Qd6 {[%clk 1:40:54]} 4. d4
{[%clk 1:41:44]} Nf6 {[%clk 1:41:05]} 5. Nf3 {[%clk 1:42:09]} g6 {[%clk 1:39:56]}
6. Nb5 {[%clk 1:41:37]} Qb6 {[%clk 1:40:09]} 7. c4 {[%clk 1:41:56]} c6
{[%clk 1:40:31]} 8. Nc3 {[%clk 1:42:21]} Bg7 {[%clk 1:40:55]} 9. h3
{[%clk 1:42:23]} O-O {[%clk 1:41:17]} 10. Bd3 {[%clk 1:40:55]} Na6
{[%clk 1:41:19]} 11. a3 {[%clk 1:38:23]} c5 {[%clk 1:41:24]} 12. d5
{[%clk 1:28:57]} e6 {[%clk 1:40:25]} 13. O-O {[%clk 1:29:11]} exd5
{[%clk 1:37:55]} 14. cxd5 {[%clk 1:28:59]} Nc7 {[%clk 1:37:56]} 15. Bc4
{[%clk 1:26:48]} Rd8 {[%clk 1:37:37]} 16. Bf4 {[%clk 1:13:25]} Ncxd5
{[%clk 1:23:01]} 17. Nxd5 {[%clk 1:12:50]} Nxd5 {[%clk 1:23:12]} 18. Bg5
{[%clk 1:11:53]} Rd6 {[%clk 1:14:44]} 19. Nd2 {[%clk 1:01:24]} Bf5
{[%clk 0:58:35]} 20. g4 {[%clk 0:58:45]} Be6 {[%clk 0:58:32]} 21. Ne4
{[%clk 0:57:01]} Rd7 {[%clk 0:58:51]} 22. Qf3 {[%clk 0:55:16]} Nc7
{[%clk 0:44:12]} 23. b3 {[%clk 0:50:30]} Bxc4 {[%clk 0:43:58]} 24. bxc4
{[%clk 0:50:58]} Ne6 {[%clk 0:44:00]} 25. Nf6+ {[%clk 0:46:48]} Bxf6
{[%clk 0:43:11]} 26. Qxf6 {[%clk 0:47:16]} Nxg5 {[%clk 0:40:13]} 27. Qxg5
{[%clk 0:47:43]} Qb3 {[%clk 0:40:29]} 28. Rfe1 {[%clk 0:38:12]} Rad8
{[%clk 0:33:12]} 29. Kg2 {[%clk 0:25:25]} b6 {[%clk 0:20:20]} 30. Re4
{[%clk 0:24:12]} Qc3 {[%clk 0:20:15]} 31. Rae1 {[%clk 0:24:25]} Kg7
{[%clk 0:20:39]} 32. R1e3 {[%clk 0:18:45]} Qf6 {[%clk 0:19:27]} 33. Qxf6+
{[%clk 0:18:55]} Kxf6 {[%clk 0:19:55]} 34. Rf3+ {[%clk 0:19:11]} Kg7
{[%clk 0:20:13]} 35. g5 {[%clk 0:17:56]} Rd3 {[%clk 0:20:35]} 36. Rf6
{[%clk 0:16:13]} R8d7 {[%clk 0:18:50]} 37. a4 {[%clk 0:14:00]} h6
{[%clk 0:18:57]} 38. h4 {[%clk 0:14:08]} hxg5 {[%clk 0:19:20]} 39. hxg5
{[%clk 0:14:36]} R3d4 {[%clk 0:19:29]} 40. Rff4 {[%clk 0:14:08]} Rxe4
{[%clk 0:16:40]} 41. Rxe4 {[%clk 0:14:36]} Kf8 {[%clk 0:16:52]} 42. Rh4
{[%clk 0:07:52]} Ke7 {[%clk 0:15:02]} 43. Re4+ {[%clk 0:07:09]} Kd6
{[%clk 0:13:50]} 44. Kf3 {[%clk 0:06:47]} Kc6 {[%clk 0:48:58]} 45. Re5
{[%clk 0:40:09]} a6 {[%clk 0:46:50]} 46. Re8 {[%clk 0:38:38]} b5 {[%clk 0:44:10]}
47. axb5+ {[%clk 0:36:17]} axb5 {[%clk 0:44:34]} 48. Rc8+ {[%clk 0:33:38]} Kb6
{[%clk 0:44:40]} 49. cxb5 {[%clk 0:33:27]} Kxb5 {[%clk 0:45:03]} 50. Rb8+
{[%clk 0:32:07]} Ka4 {[%clk 0:43:14]} 51. Ke2 {[%clk 0:29:25]} c4
{[%clk 0:43:23]} 52. f4 {[%clk 0:29:01]} c3 {[%clk 0:43:36]} 53. Ra8+
{[%clk 0:28:59]} Kb3 {[%clk 0:43:58]} 54. Rb8+ {[%clk 0:29:26]} Kc2
{[%clk 0:44:04]} 55. Rb6 {[%clk 0:29:12]} Re7+ {[%clk 0:41:08]} 56. Kf3
{[%clk 0:29:15]} Kc1 {[%clk 0:41:30]} 0-1

[Event "Hastings Masters"]
[Site "Hastings, England"]
[Date "2015.01.03"
[Round "6.11"]
[White "Ternault, Mathieu"]
[WhiteElo "2225"]
[Black "Hunt, Adam C"]
[BlackElo "2437"]
[Result "0-1"]

1. d4 {[%clk 1:40:37]} Nf6 {[%clk 1:40:43]} 2. c4 {[%clk 1:40:59]} g6
{[%clk 1:41:05]} 3. Nc3 {[%clk 1:40:50]} Bg7 {[%clk 1:41:23]} 4. e4
{[%clk 1:41:08]} d6 {[%clk 1:41:39]} 5. Nge2 {[%clk 1:41:32]} O-O
{[%clk 1:37:24]} 6. Ng3 {[%clk 1:41:40]} c5 {[%clk 1:30:36]} 7. d5
{[%clk 1:41:32]} e6 {[%clk 1:29:32]} 8. Be2 {[%clk 1:40:51]} exd5
{[%clk 1:29:15]} 9. exd5 {[%clk 1:41:14]} a6 {[%clk 1:21:40]} 10. O-O
{[%clk 1:40:46]} Nbd7 {[%clk 1:18:30]} 11. Bg5 {[%clk 1:36:24]} h6
{[%clk 1:11:20]} 12. Bd2 {[%clk 1:19:20]} Ne8 {[%clk 0:56:59]} 13. Qc1
{[%clk 1:09:00]} Kh7 {[%clk 0:56:39]} 14. Qc2 {[%clk 0:59:09]} f5
{[%clk 0:54:09]} 15. f4 {[%clk 0:57:25]} Ndf6 {[%clk 0:52:19]} 16. Rae1
{[%clk 0:47:51]} Nc7 {[%clk 0:49:44]} 17. Nh1 {[%clk 0:41:48]} b5
{[%clk 0:43:55]} 18. b3 {[%clk 0:36:24]} Ng4 {[%clk 0:36:22]} 19. g3
{[%clk 0:34:16]} bxc4 {[%clk 0:33:55]} 20. bxc4 {[%clk 0:33:58]} Bd4+
{[%clk 0:33:29]} 21. Kg2 {[%clk 0:34:19]} Ne3+ {[%clk 0:33:13]} 22. Bxe3
{[%clk 0:34:44]} Bxe3 {[%clk 0:33:41]} 23. Bd3 {[%clk 0:34:39]} Bd4
{[%clk 0:33:37]} 24. Re2 {[%clk 0:33:29]} Qf6 {[%clk 0:29:28]} 25. Nd1
{[%clk 0:30:43]} Bb7 {[%clk 0:25:23]} 26. h4 {[%clk 0:29:03]} Nxd5
{[%clk 0:22:28]} 27. cxd5 {[%clk 0:29:20]} Bxd5+ {[%clk 0:22:53]} 28. Kh2
{[%clk 0:29:33]} c4 {[%clk 0:23:15]} 29. Rfe1 {[%clk 0:27:18]} cxd3
{[%clk 0:22:47]} 30. Qxd3 {[%clk 0:26:15]} Be4 {[%clk 0:21:55]} 31. Rxe4
{[%clk 0:24:43]} fxe4 {[%clk 0:22:13]} 32. Rxe4 {[%clk 0:25:08]} Bc5
{[%clk 0:21:47]} 33. h5 {[%clk 0:25:27]} Rae8 {[%clk 0:19:42]} 34. Nhf2
{[%clk 0:23:43]} Rxe4 {[%clk 0:17:56]} 35. Nxe4 {[%clk 0:22:34]} Qf5
{[%clk 0:17:59]} 36. hxg6+ {[%clk 0:22:51]} Qxg6 {[%clk 0:18:16]} 37. Ndc3
{[%clk 0:21:11]} Rb8 {[%clk 0:12:53]} 38. g4 {[%clk 0:20:10]} Kg7
{[%clk 0:03:29]} 39. Nd5 {[%clk 0:16:31]} Kf8 {[%clk 0:01:06]} 40. Nxc5
{[%clk 0:02:06]} Rb2+ {[%clk 0:00:55]} 41. Kg3 {[%clk 0:01:55]} Qxd3+
{[%clk 0:01:04]} 42. Nxd3 {[%clk 0:02:21]} Rd2 {[%clk 0:00:57]} 43. N3b4
{[%clk 0:01:55]} a5 {[%clk 0:01:04]} 44. Kf3 {[%clk 0:01:50]} axb4
{[%clk 0:45:30]} 45. Nxb4 {[%clk 0:52:13]} Rb2 {[%clk 0:45:50]} 46. a3
{[%clk 0:52:26]} Rb3+ {[%clk 0:46:04]} 47. Ke4 {[%clk 0:52:51]} Rxa3
{[%clk 0:46:23]} 48. Kf5 {[%clk 0:51:30]} Kf7 {[%clk 0:45:24]} 49. Nd5
{[%clk 0:51:20]} Ra5 {[%clk 0:43:58]} 50. Ke4 {[%clk 0:50:53]} Ke6
{[%clk 0:39:25]} 51. Nc7+ {[%clk 0:49:21]} Ke7 {[%clk 0:38:04]} 52. Nd5+
{[%clk 0:49:13]} Kf7 {[%clk 0:37:57]} 53. Nc7 {[%clk 0:45:46]} Rc5
{[%clk 0:36:47]} 54. Nd5 {[%clk 0:46:12]} Ke6 {[%clk 0:36:49]} 55. Ne3
{[%clk 0:41:42]} Ra5 {[%clk 0:36:29]} 56. f5+ {[%clk 0:40:25]} Kf6
{[%clk 0:34:54]} 57. Nd5+ {[%clk 0:39:22]} Kg5 {[%clk 0:35:10]} 58. f6
{[%clk 0:39:48]} Kg6 {[%clk 0:34:37]} 0-1

[Event "Hastings Masters"]
[Site "Hastings, England"]
[Date "2015.01.03"
[Round "6.12"]
[White "Gormally, Daniel W"]
[WhiteElo "2499"]
[Black "Haussernot, Cecile"]
[BlackElo "2186"]
[Result "1-0"]

1. e4 {[%clk 1:34:31]} c5 {[%clk 1:36:17]} 2. Nf3 {[%clk 1:34:53]} d6
{[%clk 1:36:36]} 3. Bb5+ {[%clk 1:35:17]} Nd7 {[%clk 1:32:23]} 4. d4
{[%clk 1:35:01]} Ngf6 {[%clk 1:31:11]} 5. e5 {[%clk 1:34:32]} Qa5+
{[%clk 1:25:25]} 6. Nc3 {[%clk 1:34:56]} Ne4 {[%clk 1:22:34]} 7. Rb1
{[%clk 1:32:54]} e6 {[%clk 1:08:20]} 8. d5 {[%clk 1:31:48]} a6 {[%clk 1:06:03]}
9. Bxd7+ {[%clk 1:25:59]} Bxd7 {[%clk 1:06:10]} 10. O-O {[%clk 1:26:22]} Nxc3
{[%clk 1:05:58]} 11. bxc3 {[%clk 1:26:47]} Qc7 {[%clk 0:50:48]} 12. Ng5
{[%clk 1:12:51]} exd5 {[%clk 0:42:12]} 13. Re1 {[%clk 0:58:16]} Be6
{[%clk 0:30:41]} 14. exd6 {[%clk 0:55:12]} Qxd6 {[%clk 0:28:00]} 15. Rxb7
{[%clk 0:50:29]} Be7 {[%clk 0:24:56]} 16. Nxe6 {[%clk 0:45:50]} fxe6
{[%clk 0:24:35]} 17. Qg4 {[%clk 0:45:47]} Kf7 {[%clk 0:14:50]} 18. Bf4
{[%clk 0:46:04]} e5 {[%clk 0:13:24]} 19. Rxe5 {[%clk 0:45:04]} g6
{[%clk 0:11:48]} 20. Rexe7+ {[%clk 0:45:08]} Qxe7 {[%clk 0:12:08]} 21. Rxe7+
{[%clk 0:45:31]} Kxe7 {[%clk 0:12:29]} 22. Qg5+ {[%clk 0:45:57]} 1-0

[Event "Hastings Masters"]
[Site "Hastings, England"]
[Date "2015.01.03"
[Round "6.13"]
[White "Ashton, Adam G"]
[WhiteElo "2398"]
[Black "Kheit, Wahbi"]
[BlackElo "2223"]
[Result "0-1"]

1. e4 {[%clk 1:40:57]} e5 {[%clk 1:30:25]} 2. Nf3 {[%clk 1:40:49]} Nc6
{[%clk 1:30:32]} 3. Bb5 {[%clk 1:40:10]} a6 {[%clk 1:30:30]} 4. Ba4
{[%clk 1:40:31]} Nf6 {[%clk 1:30:19]} 5. O-O {[%clk 1:40:21]} Nxe4
{[%clk 1:29:40]} 6. d4 {[%clk 1:40:40]} b5 {[%clk 1:28:34]} 7. Bb3
{[%clk 1:41:00]} d5 {[%clk 1:26:25]} 8. dxe5 {[%clk 1:40:53]} Be6
{[%clk 1:26:09]} 9. Nbd2 {[%clk 1:35:56]} Nc5 {[%clk 1:24:24]} 10. c3
{[%clk 1:35:04]} Bg4 {[%clk 1:21:31]} 11. h3 {[%clk 1:32:11]} Bh5
{[%clk 1:21:34]} 12. Re1 {[%clk 1:27:20]} Be7 {[%clk 1:20:58]} 13. Bc2
{[%clk 1:15:10]} O-O {[%clk 1:18:21]} 14. Nf1 {[%clk 1:14:12]} Re8
{[%clk 1:12:33]} 15. Ng3 {[%clk 1:06:45]} Bg6 {[%clk 1:12:09]} 16. Nf5
{[%clk 1:00:47]} Qd7 {[%clk 1:09:55]} 17. Nxe7+ {[%clk 0:56:48]} Nxe7
{[%clk 1:08:45]} 18. Be3 {[%clk 0:53:04]} Bxc2 {[%clk 1:04:42]} 19. Qxc2
{[%clk 0:53:10]} Ne4 {[%clk 1:00:11]} 20. Nd2 {[%clk 0:40:49]} Nxd2
{[%clk 0:57:52]} 21. Qxd2 {[%clk 0:40:21]} a5 {[%clk 0:52:36]} 22. a4
{[%clk 0:34:15]} bxa4 {[%clk 0:49:06]} 23. Qc2 {[%clk 0:31:16]} Reb8
{[%clk 0:46:02]} 24. Re2 {[%clk 0:27:50]} Rb3 {[%clk 0:45:17]} 25. Bc5
{[%clk 0:27:45]} Ng6 {[%clk 0:43:04]} 26. Qd2 {[%clk 0:25:16]} Rab8
{[%clk 0:40:08]} 27. Ba3 {[%clk 0:22:41]} Qf5 {[%clk 0:38:23]} 28. Qd4
{[%clk 0:20:15]} Nf4 {[%clk 0:36:03]} 29. Re3 {[%clk 0:20:02]} Qg5
{[%clk 0:35:30]} 30. g3 {[%clk 0:19:41]} Nxh3+ {[%clk 0:34:52]} 31. Kg2
{[%clk 0:17:36]} c5 {[%clk 0:32:40]} 32. Qxc5 {[%clk 0:14:49]} Nf4+
{[%clk 0:31:38]} 33. Kf1 {[%clk 0:13:23]} Qh5 {[%clk 0:31:29]} 34. Kg1
{[%clk 0:13:38]} Nh3+ {[%clk 0:30:21]} 35. Kg2 {[%clk 0:11:20]} Nxf2
{[%clk 0:29:39]} 36. Qxd5 {[%clk 0:08:12]} Ng4 {[%clk 0:28:40]} 37. Re2
{[%clk 0:08:25]} R3b5 {[%clk 0:26:41]} 38. Qf3 {[%clk 0:08:30]} Rxe5
{[%clk 0:23:24]} 39. Rh1 {[%clk 0:06:32]} Rxe2+ {[%clk 0:22:52]} 40. Qxe2
{[%clk 0:07:02]} Qd5+ {[%clk 0:22:15]} 41. Qf3 {[%clk 0:07:11]} Qd2+
{[%clk 0:21:26]} 0-1

[Event "Hastings Masters"]
[Site "Hastings, England"]
[Date "2015.01.03"
[Round "6.14"]
[White "Bates, Richard A"]
[WhiteElo "2349"]
[Black "Talsma, Paul"]
[BlackElo "2186"]
[Result "1/2-1/2"]

1. d4 {[%clk 1:40:56]} Nf6 {[%clk 1:40:55]} 2. Nf3 {[%clk 1:39:42]} c5
{[%clk 1:41:14]} 3. d5 {[%clk 1:40:05]} e6 {[%clk 1:41:31]} 4. c4
{[%clk 1:40:09]} b5 {[%clk 1:41:51]} 5. e4 {[%clk 1:36:52]} Nxe4 {[%clk 1:39:58]}
6. Bd3 {[%clk 1:37:07]} Nf6 {[%clk 1:38:36]} 7. O-O {[%clk 1:35:00]} Be7
{[%clk 1:19:00]} 8. Nc3 {[%clk 1:20:32]} exd5 {[%clk 1:07:52]} 9. cxd5
{[%clk 1:14:40]} d6 {[%clk 0:55:21]} 10. Bxb5+ {[%clk 1:13:11]} Nbd7
{[%clk 0:55:40]} 11. Re1 {[%clk 1:07:53]} O-O {[%clk 0:55:10]} 12. Qe2
{[%clk 1:07:50]} Ne5 {[%clk 0:45:05]} 13. Nxe5 {[%clk 1:05:09]} dxe5
{[%clk 0:45:33]} 14. Qxe5 {[%clk 0:52:36]} Bd6 {[%clk 0:45:57]} 15. Qg5
{[%clk 0:52:36]} Rb8 {[%clk 0:40:18]} 16. Bc4 {[%clk 0:39:21]} Qa5
{[%clk 0:38:47]} 17. Bf4 {[%clk 0:30:36]} h6 {[%clk 0:33:26]} 18. Qh4
{[%clk 0:31:02]} Bxf4 {[%clk 0:33:48]} 19. Qxf4 {[%clk 0:31:27]} Rxb2
{[%clk 0:34:13]} 20. Rac1 {[%clk 0:25:37]} Rb4 {[%clk 0:32:31]} 21. Ne4
{[%clk 0:25:54]} Nxe4 {[%clk 0:31:41]} 22. Rxe4 {[%clk 0:26:14]} Qa3
{[%clk 0:31:00]} 23. Rce1 {[%clk 0:20:20]} Qc3 {[%clk 0:30:59]} 24. Qd6
{[%clk 0:18:49]} Bd7 {[%clk 0:26:35]} 25. Qxd7 {[%clk 0:15:40]} Rxc4
{[%clk 0:26:52]} 26. Re8 {[%clk 0:15:06]} g6 {[%clk 0:27:00]} 27. d6
{[%clk 0:14:07]} Qf6 {[%clk 0:19:00]} 28. g3 {[%clk 0:06:00]} 1/2-1/2

[Event "Hastings Masters"]
[Site "Hastings, England"]
[Date "2015.01.03"
[Round "6.15"]
[White "Mannion, Stephen R"]
[WhiteElo "2345"]
[Black "Jaunooby, Ali R"]
[BlackElo "2175"]
[Result "1/2-1/2"]

1. e4 {[%clk 1:40:58]} c5 {[%clk 1:19:36]} 2. Nf3 {[%clk 1:41:19]} d6
{[%clk 1:19:20]} 3. d4 {[%clk 1:41:44]} cxd4 {[%clk 1:19:44]} 4. Nxd4
{[%clk 1:42:09]} Nf6 {[%clk 1:20:02]} 5. Nc3 {[%clk 1:42:34]} a6 {[%clk 1:20:25]}
6. f4 {[%clk 1:42:36]} Qc7 {[%clk 1:15:58]} 7. Be2 {[%clk 1:42:24]} b5
{[%clk 1:14:16]} 8. Bf3 {[%clk 1:37:24]} e5 {[%clk 1:11:43]} 9. Nf5
{[%clk 1:35:54]} b4 {[%clk 1:07:51]} 10. Nd5 {[%clk 1:30:54]} Nxd5
{[%clk 1:05:13]} 11. Qxd5 {[%clk 1:31:16]} Nc6 {[%clk 1:04:40]} 12. Be3
{[%clk 1:27:34]} Be6 {[%clk 1:04:23]} 13. Qd2 {[%clk 1:15:14]} g6
{[%clk 1:01:42]} 14. Ng3 {[%clk 1:14:43]} Rd8 {[%clk 0:56:08]} 15. O-O
{[%clk 1:08:10]} exf4 {[%clk 0:53:30]} 16. Bxf4 {[%clk 1:07:34]} Bg7
{[%clk 0:53:37]} 17. c3 {[%clk 0:38:38]} bxc3 {[%clk 0:48:27]} 18. bxc3
{[%clk 0:39:03]} Na5 {[%clk 0:48:54]} 19. Ne2 {[%clk 0:37:29]} Nc4
{[%clk 0:47:49]} 20. Qc1 {[%clk 0:34:13]} Qc5+ {[%clk 0:44:23]} 21. Kh1
{[%clk 0:33:30]} h6 {[%clk 0:43:13]} 22. Nd4 {[%clk 0:32:12]} Bd7
{[%clk 0:41:08]} 23. Be2 {[%clk 0:27:31]} Bc8 {[%clk 0:38:57]} 24. Rb1
{[%clk 0:25:43]} Ne5 {[%clk 0:31:56]} 25. Qd2 {[%clk 0:21:51]} Nc4
{[%clk 0:27:59]} 26. Qd3 {[%clk 0:19:44]} Ne5 {[%clk 0:27:05]} 27. Qe3
{[%clk 0:18:27]} g5 {[%clk 0:23:51]} 28. Bg3 {[%clk 0:17:44]} O-O
{[%clk 0:22:26]} 29. Rfd1 {[%clk 0:15:32]} Rfe8 {[%clk 0:21:26]} 30. Nc2
{[%clk 0:09:02]} Ng4 {[%clk 0:17:46]} 31. Qxc5 {[%clk 0:06:45]} dxc5
{[%clk 0:18:07]} 32. Rxd8 {[%clk 0:07:06]} Rxd8 {[%clk 0:18:28]} 33. Rb8
{[%clk 0:07:25]} Bf6 {[%clk 0:15:23]} 34. Rxc8 {[%clk 0:06:33]} Rxc8
{[%clk 0:14:37]} 35. Bxg4 {[%clk 0:07:01]} Re8 {[%clk 0:14:18]} 36. e5
{[%clk 0:06:21]} Bxe5 {[%clk 0:14:28]} 37. Bxe5 {[%clk 0:06:41]} Rxe5
{[%clk 0:14:57]} 38. Bf3 {[%clk 0:04:13]} g4 {[%clk 0:14:40]} 39. Bxg4
{[%clk 0:04:06]} Re4 {[%clk 0:15:06]} 40. Bf5 {[%clk 0:03:26]} Rc4
{[%clk 0:12:42]} 41. Kg1 {[%clk 0:50:22]} Kg7 {[%clk 1:02:31]} 42. Ne3
{[%clk 0:46:51]} Rxc3 {[%clk 1:02:52]} 43. Kf2 {[%clk 0:46:49]} Ra3
{[%clk 1:00:59]} 44. Bb1 {[%clk 0:46:43]} h5 {[%clk 0:56:34]} 45. Ke2
{[%clk 0:46:44]} Kf6 {[%clk 0:55:32]} 46. Nc4 {[%clk 0:41:34]} Rc3
{[%clk 0:54:27]} 47. Bd3 {[%clk 0:41:49]} Rc1 {[%clk 0:54:34]} 48. Nd2
{[%clk 0:39:49]} Ra1 {[%clk 0:51:14]} 49. Bb1 {[%clk 0:36:22]} Ke5
{[%clk 0:44:05]} 50. Ke3 {[%clk 0:25:42]} h4 {[%clk 0:43:49]} 51. Nc4+
{[%clk 0:17:13]} Kd5 {[%clk 0:42:38]} 52. Na3 {[%clk 0:17:41]} Ke5
{[%clk 0:41:30]} 53. Kf3 {[%clk 0:17:50]} c4 {[%clk 0:40:19]} 54. Ke3
{[%clk 0:14:25]} c3 {[%clk 0:36:50]} 55. Kd3 {[%clk 0:13:47]} Kf4
{[%clk 0:37:06]} 56. Kxc3 {[%clk 0:13:42]} Rxb1 {[%clk 0:35:17]} 57. Nxb1
{[%clk 0:13:58]} Ke3 {[%clk 0:35:43]} 58. Nd2 {[%clk 0:06:28]} Kf2
{[%clk 0:33:19]} 59. g4 {[%clk 0:06:53]} Kg2 {[%clk 0:29:41]} 60. Kd3
{[%clk 0:03:38]} Kxh2 {[%clk 0:30:00]} 61. Ke4 {[%clk 0:12:21]} Kg2
{[%clk 0:29:44]} 62. Kf4 {[%clk 0:08:27]} h3 {[%clk 0:29:58]} 63. Ne4
{[%clk 0:06:58]} h2 {[%clk 0:29:50]} 64. Ng3 {[%clk 0:07:13]} f6 {[%clk 0:26:13]}
65. a3 {[%clk 0:07:14]} Kf2 {[%clk 0:26:14]} 66. Nh1+ {[%clk 0:06:47]} Kg1
{[%clk 0:26:03]} 67. Kg3 {[%clk 0:06:13]} a5 {[%clk 0:25:16]} 68. a4
{[%clk 0:03:48]} f5 {[%clk 0:25:17]} 69. g5 {[%clk 0:02:40]} f4+ {[%clk 0:25:31]}
70. Kf3 {[%clk 0:02:21]} Kxh1 {[%clk 0:25:48]} 71. Kf2 {[%clk 0:02:43]} f3
{[%clk 0:26:15]} 72. Kf1 {[%clk 0:02:07]} f2 {[%clk 0:26:39]} 73. g6 1/2-1/2

[Event "Hastings Masters"]
[Site "Hastings, England"]
[Date "2015.01.03"
[Round "6.16"]
[White "Kirk, Ezra"]
[WhiteElo "2308"]
[Black "Hackner, Oskar A"]
[BlackElo "2145"]
[Result "1-0"]

1. d4 Nf6 2. c4 e6 3. Nc3 Bb4 4. e3 c5 5. Bd3 Nc6 6. Nf3 cxd4 7. exd4 d5 8. O-O
dxc4 9. Bxc4 O-O 10. Bg5 Be7 11. Re1 b6 12. Rc1 Bb7 13. a3 Rc8 14. Bd3 Qd6 15.
Bxf6 Bxf6 16. Ne4 Qd8 17. Bb1 g6 18. Nxf6+ Qxf6 19. Be4 Rfd8 20. Rc3 Na5 21. Bxb7
Rxc3 22. bxc3 Nxb7 23. Qa4 Na5 24. Ne5 Rc8 25. Re3 Qd8 26. h4 Qe8 27. Nd7 Kg7 28.
h5 Nc4 29. h6+ Kh8 30. Rf3 Rc7 31. Nxb6 Qxa4 32. Nxa4 Nxa3 33. Nc5 Kg8 34. Kf1
Nc4 35. Ke2 a5 36. Rd3 Kf8 37. Rd1 e5 38. Rb1 exd4 39. cxd4 Nd6 40. g4 Ke7 41.
Kd3 f6 42. f4 Ra7 43. Re1+ Kd8 44. Re6 Nf7 45. Rxf6 Nxh6 46. g5 Ng4 47. Rf8+ Ke7
48. Rh8 Kd6 49. Kc4 Ne3+ 50. Kb5 Nc2 51. d5 Ne3 52. Kb6 Rd7 53. Nxd7 Nxd5+ 54.
Kb5 Kxd7 55. f5 gxf5 56. Rxh7+ Ke6 57. Kc5 f4 58. Rh6+ Ke5 59. g6 Ne7 60. g7 f3
61. Rh8 f2 62. Rf8 Nf5 63. g8=Q f1=Q 64. Qd5+ 1-0

[Event "Hastings Masters"]
[Site "Hastings, England"]
[Date "2015.01.03"
[Round "6.17"]
[White "Constantinou, Peter"]
[WhiteElo "2276"]
[Black "Norinkeviciute, Rasa"]
[BlackElo "2009"]
[Result "1-0"]

1. d4 {[%clk 1:40:48]} Nf6 {[%clk 1:40:44]} 2. c4 {[%clk 1:41:04]} e6
{[%clk 1:41:00]} 3. g3 {[%clk 1:41:21]} Bb4+ {[%clk 1:40:57]} 4. Bd2
{[%clk 1:41:19]} Qe7 {[%clk 1:41:06]} 5. Bg2 {[%clk 1:41:10]} O-O
{[%clk 1:39:22]} 6. Nc3 {[%clk 1:40:06]} d6 {[%clk 1:32:07]} 7. e4
{[%clk 1:32:35]} e5 {[%clk 1:32:02]} 8. d5 {[%clk 1:32:23]} a5 {[%clk 1:27:28]}
9. Nge2 {[%clk 1:30:41]} Ne8 {[%clk 1:16:19]} 10. O-O {[%clk 1:24:34]} f5
{[%clk 1:15:45]} 11. f4 {[%clk 1:20:01]} g6 {[%clk 1:03:30]} 12. Kh1
{[%clk 1:16:44]} Nf6 {[%clk 1:02:04]} 13. fxe5 {[%clk 1:14:18]} dxe5
{[%clk 0:59:37]} 14. Bg5 {[%clk 1:07:37]} Qe8 {[%clk 0:54:17]} 15. Qc2
{[%clk 0:45:26]} Na6 {[%clk 0:51:39]} 16. a3 {[%clk 0:37:07]} Bd6
{[%clk 0:47:05]} 17. Rae1 {[%clk 0:34:06]} Nh5 {[%clk 0:39:00]} 18. exf5
{[%clk 0:32:05]} gxf5 {[%clk 0:38:51]} 19. Nf4 {[%clk 0:29:21]} Ng7
{[%clk 0:14:53]} 20. Bh6 {[%clk 0:20:47]} Rf6 {[%clk 0:14:06]} 21. Bxg7
{[%clk 0:19:49]} Kxg7 {[%clk 0:14:31]} 22. Ne6+ {[%clk 0:19:30]} Bxe6
{[%clk 0:12:07]} 23. dxe6 {[%clk 0:19:50]} Qxe6 {[%clk 0:11:55]} 24. Bxb7
{[%clk 0:19:11]} Ra7 {[%clk 0:09:47]} 25. Bd5 {[%clk 0:19:15]} Qd7
{[%clk 0:07:57]} 26. Nb5 {[%clk 0:18:49]} c6 {[%clk 0:08:12]} 27. Nxa7
{[%clk 0:18:30]} cxd5 {[%clk 0:08:26]} 28. Nb5 {[%clk 0:18:29]} Bb8
{[%clk 0:07:36]} 29. Qd2 {[%clk 0:16:36]} d4 {[%clk 0:06:47]} 30. Kg1
{[%clk 0:12:42]} d3 {[%clk 0:01:30]} 31. Nc3 {[%clk 0:04:42]} Qd4+
{[%clk 0:01:09]} 32. Kh1 {[%clk 0:04:47]} Qxc4 {[%clk 0:01:15]} 33. Qg5+
{[%clk 0:04:52]} Kf7 {[%clk 0:00:38]} 34. Rxf5 {[%clk 0:04:57]} Qc6+
{[%clk 0:00:37]} 35. Ne4 {[%clk 0:05:01]} Rxf5 {[%clk 0:00:41]} 36. Qxf5+
{[%clk 0:05:25]} Kg7 {[%clk 0:00:36]} 37. Rf1 {[%clk 0:05:22]} Qb7
{[%clk 0:00:33]} 38. Qf6+ {[%clk 0:05:23]} Kg8 {[%clk 0:00:36]} 39. Qf8# 1-0

[Event "Hastings Masters"]
[Site "Hastings, England"]
[Date "2015.01.03"
[Round "6.18"]
[White "Prosviriakov, Vladimir"]
[WhiteElo "2271"]
[Black "Baterdene, Tsogbayar"]
[BlackElo "1981"]
[Result "1/2-1/2"]

1. d4 d5 2. Bf4 Nf6 3. e3 g6 4. Nf3 Bg7 5. Be2 O-O 6. Nbd2 c5 7. c3 Nc6 8. dxc5
a5 9. a4 Bg4 10. Qb3 Bxf3 11. Nxf3 Qd7 12. Rd1 Rfd8 13. Ne5 Nxe5 14. Bxe5 Ne4 15.
Bxg7 Kxg7 16. c4 Qf5 17. O-O Nxc5 18. Qb5 dxc4 19. Rxd8 Rxd8 20. Qxa5 b6 21. Qc3+
Qf6 22. Qxc4 Qxb2 23. a5 bxa5 24. Qxc5 Qxe2 25. g3 Rd1 26. Qe5+ Kg8 27. Qb8+ Kg7
28. Qe5+ Kg8 29. Qb8+ Kg7 1/2-1/2

[Event "Hastings Masters"]
[Site "Hastings, England"]
[Date "2015.01.03"
[Round "6.19"]
[White "Ledger, Dave J"]
[WhiteElo "2244"]
[Black "Liang, Jake Z"]
[BlackElo "1953"]
[Result "0-1"]

1. e4 {[%clk 1:40:55]} c5 {[%clk 1:40:46]} 2. Nf3 {[%clk 1:41:20]} Nc6
{[%clk 1:41:01]} 3. d4 {[%clk 1:41:28]} cxd4 {[%clk 1:41:02]} 4. Nxd4
{[%clk 1:41:54]} Nf6 {[%clk 1:41:03]} 5. Nc3 {[%clk 1:42:19]} e5 {[%clk 1:41:14]}
6. Ndb5 {[%clk 1:41:33]} d6 {[%clk 1:41:35]} 7. Bg5 {[%clk 1:41:06]} a6
{[%clk 1:41:58]} 8. Na3 {[%clk 1:41:32]} b5 {[%clk 1:42:19]} 9. Nd5
{[%clk 1:41:21]} Be7 {[%clk 1:42:37]} 10. Bxf6 {[%clk 1:41:47]} Bxf6
{[%clk 1:42:58]} 11. c4 {[%clk 1:38:34]} b4 {[%clk 1:41:24]} 12. Nc2
{[%clk 1:38:59]} a5 {[%clk 1:41:45]} 13. g3 {[%clk 1:38:24]} O-O {[%clk 1:40:50]}
14. b3 {[%clk 1:33:08]} Bg5 {[%clk 1:35:15]} 15. h4 {[%clk 1:31:04]} Be7
{[%clk 1:34:40]} 16. Bh3 {[%clk 1:30:12]} Bxh3 {[%clk 1:33:33]} 17. Rxh3
{[%clk 1:30:37]} Qd7 {[%clk 1:31:26]} 18. g4 {[%clk 1:15:45]} Bd8
{[%clk 1:22:49]} 19. Nce3 {[%clk 1:05:54]} Qa7 {[%clk 1:07:55]} 20. Nf5
{[%clk 0:54:09]} Qc5 {[%clk 1:07:38]} 21. Qd2 {[%clk 0:52:52]} a4
{[%clk 0:59:38]} 22. Rb1 {[%clk 0:44:19]} axb3 {[%clk 0:50:25]} 23. axb3
{[%clk 0:44:44]} f6 {[%clk 0:35:05]} 24. h5 {[%clk 0:30:26]} Rf7 {[%clk 0:31:14]}
25. Nde3 {[%clk 0:27:33]} Bc7 {[%clk 0:21:34]} 26. Rg3 {[%clk 0:23:14]} Nd4
{[%clk 0:17:30]} 27. Nxd4 {[%clk 0:23:08]} exd4 {[%clk 0:17:53]} 28. Nd5
{[%clk 0:22:20]} Bb8 {[%clk 0:16:48]} 29. g5 {[%clk 0:19:50]} fxg5
{[%clk 0:16:41]} 30. Qxg5 {[%clk 0:19:37]} Bc7 {[%clk 0:12:59]} 31. h6
{[%clk 0:14:48]} g6 {[%clk 0:09:34]} 32. f4 {[%clk 0:13:25]} d3 {[%clk 0:08:54]}
33. Rxd3 {[%clk 0:12:28]} Ra2 {[%clk 0:07:48]} 34. Qg3 {[%clk 0:08:58]} Bd8
{[%clk 0:06:56]} 35. Qe3 {[%clk 0:08:14]} Bh4+ {[%clk 0:06:06]} 36. Kd1
{[%clk 0:08:11]} Bg5 {[%clk 0:04:06]} 37. Qxc5 {[%clk 0:05:23]} dxc5
{[%clk 0:04:24]} 38. e5 {[%clk 0:04:04]} Kf8 {[%clk 0:01:38]} 39. e6
{[%clk 0:03:49]} Rf5 {[%clk 0:01:54]} 40. Re3 {[%clk 0:03:10]} Bxf4
{[%clk 0:01:55]} 41. e7+ {[%clk 0:38:31]} Ke8 {[%clk 0:51:51]} 42. Re6
{[%clk 0:38:49]} Be5 {[%clk 0:48:06]} 43. Ne3 {[%clk 0:36:50]} Rh5
{[%clk 0:46:21]} 44. Nf1 {[%clk 0:34:36]} Rh1 {[%clk 0:44:48]} 0-1